• 首页
  • 本馆介绍
  • 公告通知
  • 最新文献
  • 馆藏检索
  • 电子资源
  • 读者导购
  • 参考咨询
  • 我的图书馆
  • 登录
  • 详细信息显示
  • 放入我的书架
  • 预约/预借图书
  • 作者相关作品
  • 分类相关作品
  • 丛书相关作品
  • 出版社相关作品

书目信息

  • 表格格式
  • 工作单格式
  • 卡片格式
题名:
三国演义资料汇编
    
 
作者: 朱一玄 , 刘毓忱 编
分册:  
出版信息: 天津   百花文艺出版社  1983
页数: 944页
开本: 21cm
丛书名:
单 册:
中图分类: I207.413 , I207.41
科图分类:
主题词: 文学--中国
电子资源:
ISBN:
000 00838nam0 2200277 45
001 0183007107
005 20040418155818.0
010    @dCNY3.50
091    @a10151.633
100    @a19950226d1983 emky0chiy0121 ea
101 0  @achi
102    @aCN@b120000
105    @ay z 000yy
106    @ar
200 10 @a三国演义资料汇编@Asan guo yan yi zi liao hui bian@f朱一玄,刘毓忱同编
210    @a天津@c百花文艺出版社@d1983
215    @a944页@d21cm
605    @a三国演义@x研究资料@x汇编
606 0  @a文学@x中国
690    @aI207.413@v3
690    @aI207.41
701  0 @a朱一玄@Azhu yi xuan@4编
701  0 @a 刘毓忱@A liu yu chen@4编
801  0 @aCN@b上海图书馆@c20040418
801  2 @aCN@bNLC@c20040418
905    @f1@b159765@f1@b159760@f1@b159762@f1@b159758@f1@b159766@f1@b159763@f1@b159764@f1@b159761@f1@b159759@dI207.41@e164
    
    三国演义资料汇编/朱一玄,刘毓忱同编.-天津:百花文艺出版社,1983
    944页;21cm
    
    
    ISBN :CNY3.50
    
●
相关链接 在E读中查询图书 在五车中查询图书 在当当中查询图书 在豆瓣中查询图书


正题名:三国演义资料汇编     索取号:I207.41/164         预约/预借

序号 登录号 条形码 馆藏地/架位号 状态 备注
1 0159758   000549393   第二借阅区/ [索取号:I207.41/164] 已借出,限还日期为2026.03.16
借出人:张连杰  
 
2 0159759   000045971   第二借阅区/ [索取号:I207.41/164] 在馆    
3 0159760   000549400   第二借阅区/ [索取号:I207.41/164] 在馆    
4 0159761   000046033   第二借阅区/ [索取号:I207.41/164] 在馆    
5 0159762   000045980   第二借阅区/ [索取号:I207.41/164] 在馆    
6 0159763   000045999   第二借阅区/ [索取号:I207.41/164] 在馆    
7 0159764   000046042   第二借阅区/ [索取号:I207.41/164] 在馆    
8 0159765   000549375   第二借阅区/ [索取号:I207.41/164] 在馆    
9 0159766   000549384   第二借阅区/ [索取号:I207.41/164] 在馆    
10 0159767   202446040   第一样本阅览室/ [索取号:I207.41/164] 在馆    
唐山师范学院图书馆 欢迎您!
大连网信软件有限公司© 版权所有